000 00469nam a2200133Ia 4500
008 100328s9999 xx 000 0 und d
082 _b5902
100 _aमहाराज श्रीगुलाबराव
245 _aअलौकिक व्याख्यानमाला
260 _b---
630 _aअलौकिक व्याख्यानमाला
730 _aअलौकिक व्याख्यानमाला
942 _cBOOK
999 _c501866
_d501863